000 06333cam a2200697 a 4500
005 20060924161939.0
008 040928s2004 dcua j b 001 0 eng d
010 _aB-330188-208
020 _a9788179913024
_c55.00
035 _aB-330188-208
035 _aB-358512
037 _bPUB
040 _adpl
082 _a523.112
100 _aFried, Ellen.
245 _aStars and galaxies /
_cby Ellen Fried
260 _aMumbai
_bPopular Prakashan
_cc2004.
270 _a4648/1, Ansari Road, 21, Daryaganj
_bNew Delhi
_e110002
300 _a32p.
_bill. (some col.)
_c23cm. (pbk)
490 _aEarth science
500 _aOriginally published by National Geographic under the reading expeditions series
504 _aIncludes bibliographical references (p. 30) and index.
520 _aDiscusses how stars cluster into galaxies and how galaxies move apart as the universe expands. Describes the properties of stars and the life cycle of a star. Identifies our place in the Milky Way galaxy and explores the vast universe of galaxies beyond t
650 _aStars
_vJuvenile literature.
650 _aGalaxies
_vJuvenile literature.
650 _aAstronomy
_vJuvenile literature.
650 _aStars.
650 _aGalaxies.
650 _aAstronomy.
650 _aSpace telescopes.
651 _aMilky Way
_vJuvenile literature.
651 _aMilky Way.
710 _aNational Geographic Society (U.S.)
830 _aEarth science (National Geographic Society (U.S.))
942 _2ddc
_cCH
_h523.112
_mFRI
999 _c22017
_d22017